00637 2200217 4500001002100000005001500021035002000036245007500056100001600131250001100147300003900158260004300197082001000240084001600250020001900266600002800285650004000313650002700353505001900380990002000399INLIS00000000000421920230503070834 a0010-05230000041 aBicara Itu Ada Seninya. Rahasia Komunikasi yang Efektif /cOh Su Hyang0 aOh Su Hyang aCet.30 a238 hlm. :bilus. ;c14 x 20,7 cm. aJakarta :bBhuana Ilmu Populer,c2022. a302.2 a302.2 OH b a978602455392-0 aPenerjamah,Asti Ningsih apenyunting,Yosepha Ari hascaryani K aDesain,Aditya ramadita aDaftar Pustaka a15630/P/BL/2023